01012nab a22002057a 4500999001500000003000400015005001700019008004100036040000700077100003700084245010800121260007300229300001500302500004500317505016100362505008900523650003500612773014600647942001300793 c5462d5462OSt20251113111103.0190604e xxu||||| |||| 00| 0 spa d cPJ 96465aMendaña, Silvia Mariana 10aPosibles acuerdos entre condóminos para el uso y goce de la cosa común /cSilvia Mariana Mendaña. aCiudad Autónoma de Buenos Aires :bThomson Reuters La Ley, c2025. ap. 165-173 aCita Online: TR LALEY AR/DOC/1115/2025.  tSumario: I. Introducción.— II. Convenio de uso y goce.— III. Pacto de indivisión temporaria.— IV. Pacto de división futura.— V. Conclusiones. t¿Te interesa el texto completo? Solicitalo al correo: koha@justierradelfuego.gov.ar 091497aCODIGO CIVIL Y COMERCIAL0 0271493171dCiudad Autónoma de Buenos Aires : Thomson Reuters La Ley, 2014-tRevista anales de legislación argentina. Nº 6 - Junio 2025. 2udccANA